00428 2200157 4500001002100000005001500021035002000036245008800056100000800144300002100152260003700173082001000210084001600220600000800236990002600244INLIS00000000000012120240620094650 a0010-06240001201 aKepribadian Magnetis :bPanduan Sukses Diri dan Organisasi /cAli Ghanim Ath-Thawil0 aAli a152 hlm ;c23 cm aSurakarta :bAuliya Press,c2005 a158.2 a158.2 ALI k04aAli a2017/SMKMIRI/1475/001